00314nam a2200121Ia 4500008004100000041000800041082001200049100002200061245001900083260004800102300003100150365001100181240624s9999 xx 000 0 und d aeng a828 KAL aKALAM A P J ABDUL aYOU ARE UNIQUE c2012aBangalorebPunya Publishing Pvt. Ltd. axvi, : 172 : p. : cm. ; 23 cRSb30